Thực hành và bài tập hóa hữu cơ
Thuwcj hành và bài tập hóa hữu cơ. Gồm 5 bài thực hành: Hi đrô cacbon mạch hở; Aren; Ancol-Pheenol;Anđêhit, xêtôn, axit; Dẫn xuất của axit amin, dị vòng
Saved in:
| Main Author: | |
|---|---|
| Other Authors: | , , , , |
| Format: | Book |
| Language: | Vietnamese |
| Published: |
H.
Giáo dục
1987
|
| Subjects: | |
| Tags: |
Add Tag
No Tags, Be the first to tag this record!
|
| Institutions: | Mạng thư viện Đại học Đà Nẵng |
|---|
| LEADER | 01515nam a2200409 4500 | ||
|---|---|---|---|
| 001 | 000008665 | ||
| 003 | 4857 | ||
| 005 | 20111019141043.0 | ||
| 008 | 111019s1987 viesd | ||
| 020 | |c 167đ | ||
| 041 | 0 | |a vie | |
| 082 | |a 547.007 |b TH-T | ||
| 100 | 0 | |a Thái Doãn Tĩnh |e Biên soạn | |
| 245 | 0 | |a Thực hành và bài tập hóa hữu cơ |c Thái Doãn Tĩnh | |
| 260 | |a H. |b Giáo dục |c 1987 | ||
| 300 | |a 91tr |c 27cm | ||
| 504 | |a Mục lục ở cuối sách | ||
| 520 | |a Thuwcj hành và bài tập hóa hữu cơ. Gồm 5 bài thực hành: Hi đrô cacbon mạch hở; Aren; Ancol-Pheenol;Anđêhit, xêtôn, axit; Dẫn xuất của axit amin, dị vòng | ||
| 653 | |a Thực hành | ||
| 653 | |a Bài tập | ||
| 653 | |a Hóa hữu cơ | ||
| 700 | |a Trương văn Bổng |e Biên soạn | ||
| 700 | |a Nguyễn Cẩm Tú |e Biên tập | ||
| 700 | |a Lê Công Minh |e Trình bày bìa | ||
| 700 | |a Hoàng Anh |e Biên tập mỹ thuật | ||
| 700 | |a Vũ Thị Xuyến |e Sửa bản in | ||
| 910 | |a Thương |d 19/10/2011 | ||
| OWN | |a LSP | ||
| AVA | |a UDN50 |b LSP |d 547.007 TH-T |e available |t Error 5001 Not defined in file expand_doc_bib_avail. |f 5 |g 1 |h N |i 0 |k 1 | ||
| 999 | |a From the UDN01 | ||
| AVA | |a UDN50 |b LSP |d 547.007 TH-T |e available |t Error 5001 Not defined in file expand_doc_bib_avail. |f 5 |g 1 |h N |i 0 |k 1 | ||
| TYP | |a Monograph | ||
| TYP | |a Printed language | ||
| 980 | |a Mạng thư viện Đại học Đà Nẵng | ||